000 00377nam a2200157Ia 4500
008 100122s9999 xx 000 0 und d
082 _b72827
_a823
100 _aSETTERFIELD DIANE
245 _aTHE THIRTEENTH TALE
250 _a1
260 _bORION PAPERBACKS
_c2007
300 _a454
630 _aTHE THIRTEENTH TALE
730 _aTHE THIRTEENTH TALE
942 _cBOOK
999 _c388730
_d388727